Fr. Conceicao Rodrigues College of Engineering

Advanced Dynamics. (Record no. 19527)

MARC details
000 -LEADER
fixed length control field 00284nam a2200145Ia 4500
082 ## - DEWEY DECIMAL CLASSIFICATION NUMBER
Classification number 620.104
100 ## - MAIN ENTRY--PERSONAL NAME
Personal name Timoshenko.
245 ## - TITLE STATEMENT
Title Advanced Dynamics.
260 ## - PUBLICATION, DISTRIBUTION, ETC.
Name of publisher, distributor, etc. McGraw Hill
Date of publication, distribution, etc. 2001
300 ## - PHYSICAL DESCRIPTION
Extent 400
546 ## - LANGUAGE NOTE
Language note ENGLISH
654 ## - SUBJECT ADDED ENTRY--FACETED TOPICAL TERMS
Focus term Dynamics.
942 ## - ADDED ENTRY ELEMENTS (KOHA)
Koha item type BOOK
Holdings
Withdrawn status Lost status Damaged status Not for loan Collection Home library Current library Date acquired Total Checkouts Full call number Barcode Date last seen Price effective from Koha item type
        AFT Fr. Agnel's C.Rodrigues College of Engineering Fr. Agnel's C.Rodrigues College of Engineering 17/03/2023   620.104 AFT597 17/03/2023 17/03/2023 BOOK